000 00565nam a2200205Ia 4500
005 20250508152059.0
008 008 250505s9999 xx 000 0 eng d
037 _aTextual
040 _aFEDL
_beng
_cFEDL
041 _aeng
_2eng
084 _a150.72, PAV
_qFEDL
100 _aPavlow I P
_9760718
245 0 _aExperimental psychology and other essays
260 _aNew York, USA
_bPhilosophical Library
_c1957
300 _a653p.
365 _aINR
_b33.75
650 _aPsychology
942 _cTEXL
_h150.72, PAV
999 _c1334126
_d1334126